000 01193nam a22003257i 4500
003 EG-GICUC
005 20260426114347.0
008 260330s ua |||fr|||| 000 0 ara d
017 _a95/7361
020 _a9770094609
040 _a EG-GICUC
_bara
_c EG-GICUC
_d EG-GICUC
_erda
041 0 _aara
082 0 4 _221
_a341.8
_bم ح . م
092 0 4 _221
099 _aLaw1 12 341.8 م ح . م 1995
100 0 _aمحمد السيد عرفه
_eمؤلف.
245 1 2 _aالمركز القانوني للمهاجر في القانون الدولي الخاص المصري والمقارن /
_cتأليف د.محمد السيد عرفه .
264 1 _aالقاهرة :
_bدار النهضة العربية ،
_c1995.
300 _a552صفحة؛
_c24 سم
336 _2rda content
_atext
337 _2rda media
_aComputer
338 _2rda carrier
_aOnline Resource
504 _a. بشتمل على إرجاعات ببيلوجرافية
546 _aالنص باللغة العربية
650 1 4 _aالقانون الدولي الخاص
_2qrmak
651 1 _2qrmak
856 4 0 _uhttps://fll.law.cu.edu.eg/fulltext/bks/B12-03251.pdf
905 _a56
942 _2ddc
_cBK
_e21
_n0
999 _c67557
_d67557